000
00297nam a22001457a 4500
008
180917b xxu||||| |||| 00| 0 eng d
020
_a
0409900427
041
_a
eng
080
_a
573
082
_a
573
100
_a
11
101
_a
BIO
245
_a
Vectors
_c
Rodriguez,R.L
942
_2
udc
_c
BK
999
_c
47851
_d
47851